000 00703nam a2200265Ia 4500
005 20260302114249.0
008 008 260114s9999 xx 000 0 eng d
020 _a9798881816704
037 _aTextbook
040 _aCRL
040 _beng
040 _cCRL
041 _2eng
041 _aeng
084 _qCRL
100 _aShane Epting
_91092278
245 4 _aThe Morality of Urban Mobility Technology and Philosophy of the City
260 _bBloomsbury
260 _bRowman & Littlefield
260 _c2021
650 _aPhilosophy
856 _uhttps://doi.org/10.5040/9798881816704?locatt=label:secondary_bloomsburyCollections
942 _cEBOOK
999 _c1681923
_d1681923